000
00335nam a2200133Ia 4500
008
240624s9999 xx 000 0 und d
041
_a
eng
082
_a
332.01 CHE
100
_a
CHERUBINI UMBERTO
245
_a
DYNAMIC COPULA METHODS IN FINANCE
260
_c
2012
_a
New Jersey
_b
Wiley
300
_a
x, 274 p.; 23 cm.
365
_c
_b
28
999
_c
30286
_d
30286